Direwolf Match Quiz Stats

 Plays Quiz Updated Aug 22, 2016

Challenge
Share
Tweet
Score 0/6 Timer 00:30
3 Plays Today
% Correct
Jon Snow
94.1%
Sansa Stark
92.8%
Arya Stark
87.7%
Rickon Stark
84.8%
Robb Stark
83.9%
Bran Stark
81.2%

You're not logged in!

Compare scores with friends on all Sporcle quizzes.
Join for Free
OR
Log In

You Might Also Like...

Show Comments

Extras

Top Quizzes Today


Score Distribution

Your Account Isn't Verified!

In order to create a playlist on Sporcle, you need to verify the email address you used during registration. Go to your Sporcle Settings to finish the process.

Report this User

Report this user for behavior that violates our Community Guidelines.

Details: